AU LIBRARIES
Centralized Library System Across Seven Campuses

Investments (Record no. 47501)

MARC details
000 -LEADER
fixed length control field 00557nam a22001937a 4500
005 - DATE AND TIME OF LATEST TRANSACTION
control field 20260504144908.0
008 - FIXED-LENGTH DATA ELEMENTS--GENERAL INFORMATION
fixed length control field 260504b |||||||| |||| 00| 0 eng d
020 ## - INTERNATIONAL STANDARD BOOK NUMBER
ISBN 978-0-07-786167-4
082 ## - DEWEY DECIMAL CLASSIFICATION NUMBER
Classification number 332.6
Author Mark BOD-I
100 ## - MAIN ENTRY--AUTHOR
Author Name Bodie, Zvi
-- ALEX KANE
-- ALAN J. MARCUS
245 ## - TITLE STATEMENT
Title Investments
250 ## - EDITION STATEMENT
Edition statement 10th Ed
Edition Volume Vol-I, Vol-II
260 ## - PUBLICATION, DISTRIBUTION, ETC.
Place of Publication New York, NY
Name of publisher, distributor, etc. The McGraw-Hill/Irwin
Date of publication, distribution, etc. 2014
300 ## - PHYSICAL DESCRIPTION
Pages 1080 p.
490 ## - SERIES STATEMENT
Series Statement series in finance, insurance and real estate
500 ## - GENERAL NOTE
General note Includes index.
650 ## - SUBJECT ADDED ENTRY--TOPICAL TERM
Subject / Department Portfolio Management
942 ## - ADDED ENTRY ELEMENTS (KOHA)
Koha item type Book
Holdings
Withdrawn status Lost status Damaged status Not for loan Collection code Permanent Location Current Location Shelving Location Date acquired Source of acquisition Price Inventory number Total Checkouts Full Call Number Accession No./Barcode Date last seen Koha item type
        Management Science Air University Kharian Campus Library Air University Kharian Campus Library Management Science 04/09/2026 Ali Book Services 5560.00 KA/10221   332.6 BOD-I AUKHP0635 05/04/2026 Book
        Management Science Air University Kharian Campus Library Air University Kharian Campus Library Management Science 04/09/2026 Ali Book Services   KA/10221   332.6 BOD-I AUKHP0636 05/04/2026 Book
Air University Sector E-9, Islamabad Pakistan
Email: librarian@au.edu.pk  Tel : +0092 51 9262612 Ext: 631